Normal view
MARC view
Entry Personal Name
001 - CONTROL NUMBER
- control field: 1172830
003 - CONTROL NUMBER IDENTIFIER
- control field: OSt
005 - DATE AND TIME OF LATEST TRANSACTION
- control field: 20260324124109.0
008 - FIXED-LENGTH DATA ELEMENTS
- fixed length control field: 260324|| aca||aabn | a|a d
040 ## - CATALOGING SOURCE
- Original cataloging agency: OSt
- Transcribing agency: OSt
100 ## - HEADING--PERSONAL NAME
- Personal name: Ylva French; Sue Runyard
670 ## - SOURCE DATA FOUND
- Source citation: Work cat.: (OSt)1766941: Ylva French; Sue Runyard, Marketing and Public Relations for Museums, Galleries, Cultural and Heritage Attractions
